|
|
|
|
| LEADER |
00000nam0a2200000 4500 |
| 001 |
301183 |
| 005 |
20231102001357.0 |
| 020 |
|
|
|a RU
|b 83-11551
|
| 035 |
|
|
|a (RuTPU)RU\TPU\book\326336
|
| 090 |
|
|
|a 301183
|
| 100 |
|
|
|a 20150724d1983 km y0rusy5003 ca
|
| 101 |
0 |
|
|a rus
|
| 102 |
|
|
|a RU
|
| 105 |
|
|
|a a z 001zy
|
| 200 |
1 |
|
|a Средства защиты рук рабочих на машиностроительных предприятиях
|f М. Е. Цуцков [и др.]
|
| 210 |
|
|
|a Москва
|c Машиностроение
|d 1983
|
| 215 |
|
|
|a 111 с.
|c ил.
|
| 300 |
|
|
|a Авт. указаны на обороте тит. л.
|
| 320 |
|
|
|a Библиогр.: с. 109
|
| 606 |
1 |
|
|a Машиностроительные заводы
|x Охрана труда
|2 stltpush
|3 (RuTPU)RU\TPU\subj\41592
|9 61380
|
| 610 |
1 |
|
|a защитные приспособления
|
| 610 |
1 |
|
|a руки
|
| 610 |
1 |
|
|a профессиональные болезни
|
| 610 |
1 |
|
|a профилактика
|
| 610 |
1 |
|
|a производственные факторы
|
| 610 |
1 |
|
|a средства защиты
|
| 610 |
1 |
|
|a материалы
|
| 610 |
1 |
|
|a дерматологические средства
|
| 675 |
|
|
|a 621.002:658.382
|z rus
|v 3
|
| 701 |
|
1 |
|a Цуцков
|b М. Е.
|g Михаил Егорович
|
| 701 |
|
1 |
|a Ардасенов
|b В. Н.
|g Валерий Николаевич
|
| 701 |
|
1 |
|a Брайнина
|b М. Л.
|g Маргарита Леонидовна
|
| 701 |
|
1 |
|a Шаркова
|b В. В.
|
| 701 |
|
1 |
|a Шумяцкая
|b Т. Н.
|
| 801 |
|
0 |
|a RU
|b RuMRKP
|c 19950704
|g psbo
|
| 801 |
|
1 |
|a RU
|b 63413507
|c 20150724
|
| 801 |
|
2 |
|a RU
|b 63413507
|c 20190312
|g RCR
|
| 942 |
|
|
|c BK
|